| 000 | 01390nam a22003977a 4500 | ||
|---|---|---|---|
| 003 | CHAP | ||
| 005 | 20220817043334.0 | ||
| 008 | 971013s1976 r 00010 d | ||
| 010 | _a72515 | ||
| 011 | _a73487 | ||
| 035 | _a83044 | ||
| 040 | _cCHAP | ||
| 082 |
_a636.085 _bA54 |
||
| 100 | 0 | 0 |
_aAitken, F. C. _93164 |
| 245 | _aSodium and potassium in nutrition of mammals | ||
| 260 |
_aBucks, England : _bCommonwealth Agricultural Bureaux, _c1976 |
||
| 300 | _a296 p. | ||
| 490 |
_aCommonwealth Bureau of Nutrition. Technical communication _v; 26 |
||
| 504 | _aBibliografía, 201-296 | ||
| 590 |
_aBATCH-UPD _b10 _c20130110 _lUCH01 _h0035 |
||
| 590 |
_aBATCH-UPD _b10 _c20130110 _lUCH01 _h0451 |
||
| 590 |
_aBATCH-UPD _b10 _c20130110 _lUCH01 _h2144 |
||
| 590 |
_aBATCH-UPD _b10 _c20130409 _lUCH01 _h2019 |
||
| 590 |
_aBATCH-UPD _b10 _c20130410 _lUCH01 _h0432 |
||
| 590 |
_aBATCH-UPD _b10 _c20130913 _lUCH01 _h2323 |
||
| 590 |
_aCONVERSION _b10 _c20130109 _lUCH01 _h1340 |
||
| 650 | 1 | 4 | _aNutrición animal. |
| 650 | 1 | 4 |
_aPotasio en animales. _991122 |
| 650 | 1 | 4 |
_aPotasio en nutrición animal. _991123 |
| 650 | 1 | 4 |
_aSodio en animales. _9108263 |
| 650 | 1 | 4 |
_aSodio en nutrición animal. _9108264 |
| 830 | 0 |
_aCommonwealth Bureau of Nutrition. Technical communication _v; 26 _925983 |
|
| 901 | _aBK | ||
| 942 | _cLIBRO | ||
| 949 |
_a636.085 A54 _bBC _cLIBRO _d33724000254983 _eLIBRO _h47705 _i83044 _si |
||
| 999 |
_c72515 _d72515 |
||